[Event "Barcelona Sant Marti op 11th"]
[Site "Barcelona"]
[Date "2024.02.15"]
[Round "6"]
[White "Rojas Fernandez, Andres"]
[Black "Coll Granell, Jorge"]
[Result "1-0"]
[WhiteElo "1798"]
[BlackElo "1639"]
[PlyCount "83"]
[EventDate "2024.01.11"]
[EventType "swiss"]
[EventRounds "9"]
[EventCountry "ESP"]
[SourceTitle "CB11_2024"]
[SourceDate "2024.03.13"]
[SourceVersion "1"]
[SourceVersionDate "2024.03.13"]
[SourceQuality "1"]

1. e4 c5 2. Nc3 Nc6 3. g3 g6 4. Bg2 Bg7 5. d3 d6 6. Be3 Nf6 7. h3 Rb8 8. Qd2 Nd4 9. Nd1 e5 10. c3 Ne6 11. Bh6 b5 12. Bxg7 Nxg7 13. Ne3 a5 14. Ne2 b4 15. 0-0 0-0 16. f4 Nfh5 17. Nd5 f5 18. Qe3 exf4 19. Nexf4 Nxf4 20. Nxf4 bxc3 21. bxc3 Qe8 22. d4 cxd4 23. Qxd4 Qe5 24. Qxe5 dxe5 25. Nd3 Ba6 26. Rfd1 Rfe8 27. Nc5 Bc4 28. Nd7 Rbc8 29. Nf6+ Kf7 30. Nxe8 Kxe8 31. Rd2 Nh5 32. Kf2 f4 33. gxf4 Nxf4 34. Ke3 Be6 35. Rc1 g5 36. Bf1 h5 37. Ba6 Rc5 38. c4 Nxh3 39. Rb1 g4 40. Rb7 g3 41. Bb5+ Kf8 42. Rd8# 1-0

[Event "Benidorm Bali op-B 20th"]
[Site "Benidorm"]
[Date "2023.12.04"]
[Round "4"]
[White "Rojas Fernandez, Andres"]
[Black "Navarro Rico, Lluis"]
[Result "0-1"]
[WhiteElo "1831"]
[BlackElo "1965"]
[PlyCount "132"]
[EventDate "2023.12.01"]
[EventType "swiss"]
[EventRounds "9"]
[EventCountry "ESP"]
[SourceTitle "CB51_2023"]
[SourceDate "2023.12.20"]
[SourceVersion "1"]
[SourceVersionDate "2023.12.20"]
[SourceQuality "1"]

1. e4 c5 2. Nc3 e6 3. g3 Nc6 4. Bg2 Nge7 5. d3 Nd4 6. Nge2 Nec6 7. Nxd4 cxd4 8. Ne2 Bc5 9. 0-0 0-0 10. f4 f5 11. Kh1 b5 12. c3 Qb6 13. cxd4 Bxd4 14. Nxd4 Qxd4 15. Qe2 Qd6 16. e5 Qc7 17. Be3 Bb7 18. Rfc1 Rfc8 19. Rc2 Qa5 20. b3 Qa6 21. Bc5 Na5 22. Rac1 Bc6 23. d4 Qb7 24. Qd2 Bxg2+ 25. Qxg2 Kf7 26. Qxb7 Nxb7 27. b4 Rc6 28. Rd2 Rac8 29. Rcd1 Ra6 30. h3 Ra3 31. Kg2 h5 32. Rf1 Rc6 33. Rff2 Ke8 34. d5 exd5 35. Rxd5 Rg6 36. Rf3 Rxa2+ 37. Bf2 a6 38. Rfd3 Rc6 39. Kf3 Rcc2 40. Bb6 Rc6 41. Be3 d6 42. exd6 Kd7 43. Rxf5 Rxd6 44. Rc3 Nd8 45. Rxh5 g6 46. Rh7+ Ke6 47. Bc5 Rdd2 48. Re3+ Kd5 49. Rg7 a5 50. Rxg6 a4 51. Rc3 Ne6 52. f5 Nd4+ 53. Bxd4 Kxd4 54. Rc5 Rd3+ 55. Kf4 Rf2+ 56. Kg4 Ke3 57. Rxb5 Rd4+ 58. Kg5 Kf3 59. Kh6 a3 60. Ra5 a2 61. Rga6 Kxg3 62. Ra3+ Kh4 63. Rxa2 Rxf5 64. R6a5 Rf6+ 65. Kg7 Rb6 66. b5 Rd7+ 0-1

[Event "Barcelona Sant Marti op-B 23rd"]
[Site "Barcelona"]
[Date "2023.07.17"]
[Round "5"]
[White "Perez Garcia, Jose Miguel"]
[Black "Rojas Fernandez, Andres"]
[Result "1-0"]
[WhiteElo "1899"]
[BlackElo "1847"]
[PlyCount "111"]
[EventDate "2023.07.13"]
[EventType "swiss"]
[EventRounds "9"]
[EventCountry "ESP"]
[SourceTitle "CBM 215 Extra"]
[Source "ChessBase"]
[SourceDate "2023.09.30"]
[SourceVersion "1"]
[SourceVersionDate "2023.09.30"]
[SourceQuality "1"]

1. Nf3 Nf6 2. d4 d5 3. c4 e6 4. Nc3 Nbd7 5. Bf4 c6 6. c5 Be7 7. e3 b6 8. b4 bxc5 9. bxc5 Nh5 10. Ne5 Nxe5 11. Bxe5 Qa5 12. Rc1 Nf6 13. Bd3 0-0 14. 0-0 Nd7 15. Bf4 e5 16. Bxe5 Nxe5 17. dxe5 Bxc5 18. Qc2 g6 19. Nxd5 Ba3 20. Nf6+ Kg7 21. Qc3 Qxc3 22. Rxc3 Bb2 23. Rc5 Be6 24. f4 Rfd8 25. Rd1 Bxa2 26. Rd2 Rab8 27. Rcc2 Bb1 28. Rxb2 Rxb2 29. Rxb2 Bxd3 30. Ra2 a6 31. Ra5 Bb5 32. Ne4 Rd1+ 33. Kf2 Rf1+ 34. Kg3 Rb1 35. Nc3 Rb3 36. Nxb5 axb5 37. Kf3 c5 38. Ra7 Kf8 39. g4 c4 40. Ke4 c3 41. Rc7 b4 42. f5 Ra3 43. e6 fxe6 44. fxe6 Ra5 45. Kd3 Rb5 46. Kc2 b3+ 47. Kb1 c2+ 48. Kb2 h6 49. h3 g5 50. e4 Rb6 51. e5 Rb5 52. Rf7+ Ke8 53. Rf5 Ke7 54. Rf7+ Kxe6 55. Rf6+ Kxe5 56. Rf5+ 1-0

[Event "Barcelona Sant Marti op 10th"]
[Site "Barcelona"]
[Date "2023.03.02"]
[Round "8"]
[White "Rojas Fernandez, Andres"]
[Black "Fernandez Madrid, Carlos"]
[Result "0-1"]
[WhiteElo "1864"]
[BlackElo "2105"]
[PlyCount "56"]
[EventDate "2023.01.12"]
[EventType "swiss"]
[EventRounds "9"]
[EventCountry "ESP"]
[SourceTitle "CBM 213 Extra"]
[Source "ChessBase"]
[SourceDate "2023.05.31"]
[SourceVersion "1"]
[SourceVersionDate "2023.05.31"]
[SourceQuality "1"]

1. d4 Nf6 2. Nf3 g6 3. Bf4 d6 4. e3 Nh5 5. Bg5 h6 6. Bh4 g5 7. Nfd2 Ng7 8. Bg3 Nf5 9. Bd3 Nxg3 10. hxg3 Bg7 11. f4 e5 12. c3 Qe7 13. Qe2 exd4 14. cxd4 c5 15. Nc3 gxf4 16. Nd5 Qd8 17. exf4+ Kf8 18. dxc5 dxc5 19. Nc3 Nc6 20. Nf3 Bg4 21. Be4 Nd4 22. Qc4 Qe7 23. 0-0-0 b5 24. Qd3 Rc8 25. Nd5 Qd6 26. Ne3 Bxf3 27. gxf3 c4 28. Nf5 cxd3+ 0-1

[Event "Barcelona Sant Marti op-A 22nd"]
[Site "Barcelona"]
[Date "2022.07.20"]
[Round "8"]
[White "Fernandez Madrid, Carlos"]
[Black "Rojas Fernandez, Andres"]
[Result "1-0"]
[WhiteElo "2124"]
[BlackElo "1827"]
[PlyCount "47"]
[EventDate "2022.07.13"]
[EventType "swiss"]
[EventRounds "9"]
[EventCountry "ESP"]
[SourceTitle "CBM 209 Extra"]
[Source "ChessBase"]
[SourceDate "2022.09.30"]
[SourceVersion "1"]
[SourceVersionDate "2022.09.30"]
[SourceQuality "1"]

1. d4 d5 2. Nf3 Nf6 3. g3 e6 4. Bg2 Bd6 5. c4 dxc4 6. 0-0 Nbd7 7. Na3 Bxa3 8. bxa3 0-0 9. a4 Re8 10. Bb2 Qe7 11. Rc1 e5 12. dxe5 Ng4 13. Rxc4 Ndxe5 14. Nxe5 Nxe5 15. Re4 f6 16. f4 Bf5 17. Re3 Rad8 18. Qc1 Nd3 19. Rxe7 Nxc1 20. Rxe8+ Rxe8 21. Rxc1 Rxe2 22. Bd5+ Kh8 23. Bc3 c6 24. Bc4 1-0

[Event "Barcelona Sant Marti op-A 22nd"]
[Site "Barcelona"]
[Date "2022.07.13"]
[Round "1"]
[White "Dahale, Atul"]
[Black "Rojas Fernandez, Andres"]
[Result "1-0"]
[WhiteElo "2162"]
[BlackElo "1827"]
[PlyCount "103"]
[EventDate "2022.07.13"]
[EventType "swiss"]
[EventRounds "9"]
[EventCountry "ESP"]
[SourceTitle "CBM 209 Extra"]
[Source "ChessBase"]
[SourceDate "2022.09.30"]
[SourceVersion "1"]
[SourceVersionDate "2022.09.30"]
[SourceQuality "1"]

1. d4 d5 2. c4 e6 3. Nc3 Nf6 4. cxd5 exd5 5. Bg5 Be7 6. Qc2 0-0 7. e3 c6 8. Bd3 h6 9. Bf4 Bd6 10. Nge2 Re8 11. 0-0-0 Na6 12. f3 Bxf4 13. exf4 Nb4 14. Qd2 Nxd3+ 15. Qxd3 Qe7 16. Rhe1 Qe3+ 17. Qxe3 Rxe3 18. Kd2 Re8 19. g4 Bd7 20. Nc1 Rxe1 21. Rxe1 Re8 22. Re5 Kf8 23. Nd3 Ng8 24. b4 f6 25. Rxe8+ Bxe8 26. f5 Ne7 27. Nf4 Bd7 28. a4 Nc8 29. a5 Nd6 30. Na4 Nc4+ 31. Kd3 b6 32. axb6 axb6 33. b5 cxb5 34. Nc3 Nb2+ 35. Kc2 Na4 36. Ncxd5 Bc6 37. Ne6+ Ke8 38. Ne3 Bxf3 39. Nxg7+ Kf7 40. Nh5 b4 41. Kb3 Nc3 42. Kxb4 Ne4 43. Kb5 Nf2 44. Kxb6 Nxg4 45. Nxg4 Bxg4 46. Ng3 Bf3 47. Nf1 Ke8 48. Kc7 Bd1 49. d5 Ba4 50. Ne3 Bb5 51. Ng4 h5 52. Nxf6+ 1-0

[Event "Barcelona Sant Marti op 9th"]
[Site "Barcelona"]
[Date "2020.01.16"]
[Round "1"]
[White "Rojas Fernandez, Andres"]
[Black "Pascual Gonzalez, Novelles David"]
[Result "0-1"]
[WhiteElo "1893"]
[BlackElo "1563"]
[PlyCount "68"]
[EventDate "2020.01.16"]
[EventType "swiss"]
[EventRounds "9"]
[EventCountry "ESP"]
[SourceTitle "CBM 195 Extra"]
[Source "ChessBase"]
[SourceDate "2020.05.31"]
[SourceVersion "1"]
[SourceVersionDate "2020.05.31"]
[SourceQuality "1"]

1. e4 e5 2. Nf3 d6 3. d4 exd4 4. Nxd4 Nf6 5. Nc3 Be7 6. Be2 0-0 7. 0-0 Bd7 8. f4 Nc6 9. Bf3 Nxd4 10. Qxd4 Qc8 11. e5 dxe5 12. fxe5 Ne8 13. Nd5 Bd8 14. c4 c6 15. Nc3 Be6 16. Ne4 f6 17. Bf4 fxe5 18. Bxe5 Nf6 19. Nd6 Qd7 20. Rad1 Qe7 21. Rfe1 Ba5 22. Re2 Rad8 23. Qxa7 Bxc4 24. Re3 Ba6 25. Nf5 Rxd1+ 26. Bxd1 Qd8 27. Bb3+ Nd5 28. Bc3 Rxf5 29. g4 Rf1+ 30. Kg2 Bb6 31. Re8+ Qxe8 32. Qxb6 Qe2+ 33. Kh3 Rf3+ 34. Kh4 Qxh2+ 0-1

[Event "Barcelona La Lira op 12th"]
[Site "Barcelona"]
[Date "2019.04.11"]
[Round "2"]
[White "Tortosa Moros, Joan"]
[Black "Rojas Fernandez, Andres"]
[Result "1-0"]
[WhiteElo "1692"]
[BlackElo "1910"]
[PlyCount "23"]
[EventDate "2019.04.04"]
[EventType "swiss"]
[EventRounds "9"]
[EventCountry "ESP"]
[SourceTitle "CBM 190 Extra"]
[Source "ChessBase"]
[SourceDate "2019.07.15"]
[SourceVersion "1"]
[SourceVersionDate "2019.07.15"]
[SourceQuality "1"]

1. e4 e6 2. d4 d5 3. Nc3 Nf6 4. Bg5 Be7 5. e5 Nfd7 6. h4 h6 7. Be3 c5 8. Qg4 Kf8 9. f4 Nc6 10. Nf3 cxd4 11. Bxd4 Bb4 12. Rh3 1-0

[Event "Barcelona La Lira op 12th"]
[Site "Barcelona"]
[Date "2019.04.04"]
[Round "1"]
[White "Rojas Fernandez, Andres"]
[Black "Larriba Montull, Jaume"]
[Result "1-0"]
[WhiteElo "1910"]
[BlackElo "1573"]
[PlyCount "58"]
[EventDate "2019.04.04"]
[EventType "swiss"]
[EventRounds "9"]
[EventCountry "ESP"]
[SourceTitle "CBM 190 Extra"]
[Source "ChessBase"]
[SourceDate "2019.07.15"]
[SourceVersion "1"]
[SourceVersionDate "2019.07.15"]
[SourceQuality "1"]

1. e4 c5 2. Nc3 Nc6 3. g3 g6 4. Bg2 Bg7 5. d3 d6 6. Be3 Rb8 7. a4 a6 8. Nge2 b5 9. axb5 axb5 10. Qd2 Nd4 11. Bxd4 cxd4 12. Nd5 e6 13. Ndf4 b4 14. Nc1 Bh6 15. Qd1 Bb7 16. 0-0 Qc7 17. Nb3 Bg7 18. Qd2 Qb6 19. Na5 Ba8 20. Nc4 Qc7 21. Ra4 Qc5 22. Rfa1 Bc6 23. Ra5 Rb5 24. Rxb5 Bxb5 25. Ra5 Ke7 26. b3 g5 27. Ne2 h6 28. Nb2 Nf6 29. Na4 Qe5 1-0

[Event "Barcelona Sant Marti op 8th"]
[Site "Barcelona"]
[Date "2019.03.07"]
[Round "8"]
[White "Rojas Fernandez, Andres"]
[Black "Garcia Martinez, Josep"]
[Result "0-1"]
[WhiteElo "1896"]
[BlackElo "2058"]
[PlyCount "64"]
[EventDate "2019.01.17"]
[EventType "swiss"]
[EventRounds "9"]
[EventCountry "ESP"]
[SourceTitle "CBM 189 Extra"]
[Source "ChessBase"]
[SourceDate "2019.06.03"]
[SourceVersion "1"]
[SourceVersionDate "2019.06.03"]
[SourceQuality "1"]

1. e4 e5 2. Nf3 Nc6 3. Bb5 a6 4. Ba4 Nf6 5. 0-0 b5 6. Bb3 Be7 7. Re1 d6 8. c3 0-0 9. h3 Nb8 10. a4 Bb7 11. axb5 Nxe4 12. bxa6 Nxa6 13. d4 exd4 14. cxd4 Ng5 15. Nh2 c5 16. Nc3 cxd4 17. Nd5 Ne6 18. Nxe7+ Qxe7 19. f4 Nac5 20. Rxa8 Bxa8 21. Bc2 Qb7 22. Nf3 f5 23. Qe2 Ne4 24. Qd3 Rc8 25. Bb3 d5 26. Ba2 Qc7 27. Nxd4 Qa7 28. Be3 Nxd4 29. Bb3 Qa5 30. Bxd5+ Qxd5 31. Qxd4 Rc2 32. Qa4 Rxg2+ 0-1

[Event "Barcelona Sant Marti op 8th"]
[Site "Barcelona"]
[Date "2019.02.07"]
[Round "4"]
[White "Ibanez Camara, Oscar"]
[Black "Rojas Fernandez, Andres"]
[Result "0-1"]
[WhiteElo "1656"]
[BlackElo "1896"]
[PlyCount "76"]
[EventDate "2019.01.17"]
[EventType "swiss"]
[EventRounds "9"]
[EventCountry "ESP"]
[SourceTitle "CBM 189 Extra"]
[Source "ChessBase"]
[SourceDate "2019.06.03"]
[SourceVersion "1"]
[SourceVersionDate "2019.06.03"]
[SourceQuality "1"]

1. e4 e6 2. d4 d5 3. e5 c5 4. Nf3 cxd4 5. Bd3 Nc6 6. 0-0 Nge7 7. Bf4 Ng6 8. Bg3 Be7 9. Nbd2 Qb6 10. Nb3 Bd7 11. a3 a5 12. a4 Rc8 13. Bb5 Rc7 14. Bxc6 bxc6 15. Qxd4 c5 16. Qc3 Ra7 17. Kh1 0-0 18. Nfd2 Rb8 19. f4 Qb4 20. Qe3 d4 21. Qf3 Rc8 22. Ne4 Bxa4 23. f5 exf5 24. Qxf5 Rf8 25. Qh5 Bxb3 26. cxb3 Ra6 27. Rf3 d3 28. Be1 Qxe4 29. Rh3 Nf4 30. Qf3 Qxf3 31. Rxf3 Ng6 32. Rxd3 Nxe5 33. Re3 Bf6 34. Bg3 Nc6 35. Bd6 Bd4 36. Re2 Rc8 37. Rae1 h6 38. Re4 Nb4 0-1

[Event "Barcelona Sant Marti op-A 20th"]
[Site "Barcelona"]
[Date "2018.07.16"]
[Round "4"]
[White "Guix Torres, David"]
[Black "Rojas Fernandez, Andres"]
[Result "1/2-1/2"]
[WhiteElo "2059"]
[BlackElo "1933"]
[PlyCount "136"]
[EventDate "2018.07.13"]
[EventType "swiss"]
[EventRounds "9"]
[EventCountry "ESP"]
[SourceTitle "CBM 185 Extra"]
[Source "ChessBase"]
[SourceDate "2018.07.29"]
[SourceVersion "1"]
[SourceVersionDate "2018.07.29"]
[SourceQuality "1"]

1. d4 Nf6 2. Nf3 d5 3. e3 e6 4. Bd3 Bd6 5. b3 Ne4 6. Bb2 Nd7 7. 0-0 0-0 8. Ne5 f5 9. f3 Ng5 10. Nd2 c5 11. c4 Qc7 12. h4 Nxe5 13. dxe5 Bxe5 14. Bxe5 Qxe5 15. Qe2 Nf7 16. f4 Qf6 17. Rac1 b6 18. Nf3 Bb7 19. Qc2 dxc4 20. Bxc4 Bxf3 21. Rxf3 Nd6 22. Rd1 Nxc4 23. Qxc4 Rad8 24. Rff1 Kh8 25. h5 Qf7 26. a4 Rd5 27. a5 Rfd8 28. Rxd5 exd5 29. Qa6 bxa5 30. Qxa5 Qe7 31. Rf3 d4 32. exd4 Rxd4 33. Qb5 Rd1+ 34. Rf1 Rxf1+ 35. Kxf1 h6 36. Qe2 Qf7 37. Qd1 Kh7 38. Kf2 a5 39. Qc2 Qd5 40. g3 Qd4+ 41. Kf3 Qd5+ 42. Kf2 g6 43. Qe2 Qd4+ 44. Kf3 Qd5+ 45. Kf2 Qe4 46. Qxe4 fxe4 47. Ke3 c4 48. bxc4 a4 49. c5 a3 50. c6 a2 51. hxg6+ Kxg6 52. c7 a1Q 53. c8Q Qe1+ 54. Kd4 Qd2+ 55. Kxe4 Qe2+ 56. Kd4 Qd2+ 57. Ke5 Qe3+ 58. Kd6 Qd4+ 59. Ke7 Qb4+ 60. Ke6 Qe4+ 61. Kd7 Qf5+ 62. Kc7 Qxc8+ 63. Kxc8 Kf5 64. Kd7 h5 65. Ke7 h4 66. gxh4 Kxf4 67. Kf6 Kg4 68. h5 Kxh5 1/2-1/2

[Event "Barcelona Sant Marti op-A 20th"]
[Site "Barcelona"]
[Date "2018.07.13"]
[Round "1"]
[White "Rojas Fernandez, Andres"]
[Black "Gonzalez Rodriguez, Jorge Armando"]
[Result "0-1"]
[WhiteElo "1933"]
[BlackElo "2271"]
[PlyCount "84"]
[EventDate "2018.07.13"]
[EventType "swiss"]
[EventRounds "9"]
[EventCountry "ESP"]
[SourceTitle "CBM 185 Extra"]
[Source "ChessBase"]
[SourceDate "2018.07.29"]
[SourceVersion "1"]
[SourceVersionDate "2018.07.29"]
[SourceQuality "1"]

1. e4 e6 2. d4 d5 3. Nd2 Nf6 4. e5 Ng8 5. Bd3 c5 6. c3 cxd4 7. cxd4 Qb6 8. Ne2 Bd7 9. 0-0 Bb5 10. Nb3 Ne7 11. Bxb5+ Qxb5 12. Nc3 Qb6 13. Na4 Qc7 14. Bd2 Nbc6 15. Rc1 b6 16. Bb4 Qd7 17. Bd6 Nf5 18. Bxf8 Kxf8 19. Nc3 h5 20. Qd2 Rc8 21. Ne2 g6 22. Ng3 Kg7 23. Nxf5+ exf5 24. Rc2 a5 25. a3 a4 26. Nc1 Na5 27. Rxc8 Rxc8 28. Qb4 Qc6 29. Nd3 Nb3 30. Nf4 Re8 31. Re1 b5 32. Ne2 Qc4 33. Qxc4 bxc4 34. Rd1 Rb8 35. Nc3 Na5 36. Nxa4 Rb3 37. Rd2 c3 38. Nxc3 Nc4 39. Rc2 Nxb2 40. f4 Nd3 41. g3 Rxa3 42. Nxd5 Ra1+ 0-1

[Event "Barcelona Sant Marti op-A 19th"]
[Site "Barcelona"]
[Date "2017.07.19"]
[Round "7"]
[White "Rojas Fernandez, Andres"]
[Black "Hernandez Requena, Francesc"]
[Result "1-0"]
[WhiteElo "1997"]
[BlackElo "1807"]
[PlyCount "73"]
[EventDate "2017.07.13"]
[EventType "swiss"]
[EventRounds "9"]
[EventCountry "ESP"]
[SourceTitle "EXT 2018"]
[Source "ChessBase"]
[SourceDate "2017.10.13"]
[SourceVersion "1"]
[SourceVersionDate "2017.10.13"]
[SourceQuality "1"]

1. e4 c5 2. Nc3 Nc6 3. g3 g6 4. Bg2 Bg7 5. d3 d6 6. Be3 Nd4 7. Qd2 Rb8 8. Nd1 e5 9. c3 Nc6 10. Ne2 Nge7 11. Bh6 0-0 12. Bxg7 Kxg7 13. Ne3 Be6 14. 0-0 d5 15. exd5 Nxd5 16. Rad1 f6 17. f4 Nxe3 18. Qxe3 Bd5 19. Qxc5 Bxg2 20. Kxg2 Qe7 21. Qxe7+ Nxe7 22. fxe5 fxe5 23. Rxf8 Rxf8 24. Ng1 Rd8 25. Kf3 Kf6 26. Ke4 Nf5 27. Rf1 Ke6 28. g4 Nd6+ 29. Ke3 h5 30. h3 e4 31. Ne2 hxg4 32. hxg4 g5 33. b3 exd3 34. Nd4+ Ke5 35. Kxd3 Rh8 36. Ke3 Rh2 37. Nf3+ 1-0